00178nam a2200073Ia 4500082001100000245001600011100003600027008004100063 aAF BER 0aZoekmekaar  a BERGH, Rene Pretoria, 1994 210817s9999 xx 000 0 und d